000 00664nam a22002297a 4500
005 20170124110120.0
010 _a953243
020 _c80.00
035 _a953243
037 _bCen Lib/Ret
040 _aDPL
_bEN
082 _a915.45
_bOMA
100 _aOmalley,L.S.S.
_930440
245 _aBengal, Bihar Orissa & Sikkim /
_cby L.S.S. Omalley
260 _aNew Delhi
_bEss Ess Publications
_c1979
270 _a4837/24, Ansari Road
_bNew Delhi
_e110002
300 _axii,317p. :
_c20cm(Hb)
_bill.
500 _aIncludes index
650 _aNatural Science
_9106127
650 _aReligions
_zIndia
_930442
942 _2ddc
_cEN
_h915.45
_mOMA
999 _c130932
_d130932